Datum a čas kvízu
33
Celkem bodů
Celkový počet nahraných bodů na tomto kvízu bez doplňovacích otázek.
2.
Pořadí na kvízu
Konečné umístění týmu na tomto kvízu.
Zaznamenané odpovědi
| # | Otázka | Odpověď | Body | Výsledky |
|---|---|---|---|---|
| 1. | Minulý týden se v Praze konal... | půllitry s pivem | 1 | |
| 2. | Sarah Mullally stanula minulý... | o anglikánskou církev | 1 | |
| 3. | U příležitosti narozenin jedné... | Marta Kubišová | 1 | |
| 4. | Od 1. října 2025 došlo na Leti... | 2 000 mililitrů | 1 | |
| 5. | Ve kterém městě se odehrál UFC... | v Las Vegas | 1 | |
| 6. | Wikipedii s nejvyšší pravděpod... | z havajštiny | 0 | |
| 7. | Fanoušci kvízu občas jistě se... | D | 1 | |
| 8. | Dobrým zdrojem informací jsou... | Jsi chytřejší než páťák? | 1 | |
| 9. | Mnemotechnické pomůcky se hodí... | struny na kytaře (pořadí strun/tónů) | 0 | |
| 10. | Někdy však k úspěchu v kvízu s... | 1D 2C 3A 4B | 1 |